[Event "Pozarevac Rudar FM 02"]
[Site "Pozarevac"]
[Date "2024.02.15"]
[Round "10"]
[White "Chaitanya, V."]
[Black "Tosic, Nebojsa"]
[Result "0-1"]
[WhiteElo "1717"]
[BlackElo "1944"]
[PlyCount "108"]
[EventDate "2024.02.08"]
[EventType "schev"]
[EventRounds "10"]
[EventCountry "SRB"]
[SourceTitle "CB08_2024"]
[SourceDate "2024.02.21"]
[SourceVersion "1"]
[SourceVersionDate "2024.02.21"]
[SourceQuality "1"]
[WhiteTeam "Team B"]
[BlackTeam "Team A"]
[WhiteTeamCountry "SRB"]
[BlackTeamCountry "SRB"]

1. e4 d6 2. d4 Nf6 3. Nc3 Nbd7 4. f4 e5 5. Nf3 exd4 6. Qxd4 c6 7. Be3 d5 8. e5 Bc5 9. Qd2 Bxe3 10. Qxe3 Ng4 11. Qd2 Qb6 12. Na4 Qc7 13. h3 Nh6 14. Bd3 b5 15. Nc3 a6 16. b4 a5 17. bxa5 Qxa5 18. 0-0 Nb6 19. Ne2 Qa3 20. Ned4 Qc5 21. Kh2 g6 22. Qf2 Na4 23. Qh4 Ng8 24. e6 Ra7 25. exf7+ Kxf7 26. Ng5+ Ke8 27. Bxg6+ Kd7 28. Qg4+ Kc7 29. Nde6+ Kb8 30. Nxc5 Bxg4 31. Nxa4 hxg6 32. Nc5 Bf5 33. Rfe1 Nf6 34. c3 Kc7 35. Nce6+ Kb6 36. Kg1 Rha8 37. g4 Be4 38. Re2 Ra3 39. Rb2 c5 40. Nxe4 Nxe4 41. Rc1 Nxc3 42. f5 gxf5 43. gxf5 Ne4 44. f6 Rg3+ 45. Kh2 Rh8 46. Nf4 Kc6 47. Rbc2 Rf3 48. Ne6 Rhxh3+ 49. Kg2 Rfg3+ 50. Kf1 c4 51. Nd4+ Kc5 52. f7 Kxd4 53. f8Q Rh1+ 54. Ke2 Re3# 0-1

[Event "Pozarevac Rudar FM 02"]
[Site "Pozarevac"]
[Date "2024.02.09"]
[Round "2"]
[White "Phatak, Aanjaneya"]
[Black "Tosic, Nebojsa"]
[Result "0-1"]
[WhiteElo "1999"]
[BlackElo "1944"]
[PlyCount "140"]
[EventDate "2024.02.08"]
[EventType "schev"]
[EventRounds "10"]
[EventCountry "SRB"]
[SourceTitle "CB08_2024"]
[SourceDate "2024.02.21"]
[SourceVersion "1"]
[SourceVersionDate "2024.02.21"]
[SourceQuality "1"]
[WhiteTeam "Team B"]
[BlackTeam "Team A"]
[WhiteTeamCountry "SRB"]
[BlackTeamCountry "SRB"]

1. e4 d6 2. d4 Nf6 3. Nc3 c6 4. Nf3 Qa5 5. Bd2 Qc7 6. a4 e5 7. h3 Be7 8. dxe5 dxe5 9. Bc4 0-0 10. Qe2 Nbd7 11. g4 Nc5 12. Ng5 Rb8 13. b4 Na6 14. Na2 b5 15. axb5 cxb5 16. Bd3 Qc6 17. Nf3 Bd6 18. Nh4 g6 19. Qe3 Re8 20. 0-0 Nc7 21. Ng2 Ne6 22. Qf3 Be7 23. c3 Bb7 24. Rfe1 Rbd8 25. Nc1 a6 26. Ra2 Rd7 27. Bb1 Red8 28. Nb3 Ba8 29. Na5 Qc7 30. Bh6 Ne8 31. Rc2 Rd3 32. Be3 Ng5 33. Qe2 Nxh3+ 34. Kh2 Ng5 35. Bxg5 Bxg5 36. Nb3 Nf6 37. Nc5 Rd2 38. Qf3 Qc8 39. Kg3 Bc6 40. Re2 Rd1 41. Ba2 h5 42. gxh5 Rh1 43. Be6 fxe6 44. Ne3 Kg7 45. Qxh1 Nxh5+ 46. Kg4 Rf8 47. Qd1 Be7 48. Ng2 Nf6+ 49. Kg3 Bxc5 50. bxc5 Nxe4+ 51. Kh2 Rf3 52. Re3 Nxf2 53. Qxf3 Bxf3 54. Rxf3 Ng4+ 55. Kg3 Nh6 56. Rd2 Nf5+ 57. Kh2 e4 58. Rh3 Qc7+ 59. Kh1 Ng3+ 60. Rxg3 Qxg3 61. Rd7+ Kh6 62. c6 Qh3+ 63. Kg1 Qxc3 64. c7 b4 65. Nf4 b3 66. Nxe6 b2 67. Rd1 Qc1 68. Kf2 b1Q 69. Rh1+ Qxh1 70. c8Q Qf3# 0-1

[Event "Pozarevac Rudar FM-B 01"]
[Site "Pozarevac"]
[Date "2024.02.05"]
[Round "8.5"]
[White "Chaitanya, V."]
[Black "Tosic, Nebojsa"]
[Result "0-1"]
[WhiteElo "1717"]
[BlackElo "1944"]
[PlyCount "98"]
[EventDate "2024.01.31"]
[EventType "tourn"]
[EventRounds "10"]
[EventCountry "SRB"]
[SourceTitle "CB07_2024"]
[SourceDate "2024.02.14"]
[SourceVersion "1"]
[SourceVersionDate "2024.02.14"]
[SourceQuality "1"]
[WhiteTeam "TIeam B"]
[BlackTeam "TIeam A"]
[WhiteTeamCountry "SRB"]
[BlackTeamCountry "SRB"]

1. e4 d6 2. d4 Nf6 3. Nc3 Nbd7 4. f4 e5 5. Nf3 exd4 6. Qxd4 c6 7. Be3 d5 8. e5 Ng4 9. Bg1 Bc5 10. Qd2 Bxg1 11. Rxg1 Qb6 12. Qd4 Qxb2 13. Rb1 Qa3 14. h3 Nh6 15. g4 b6 16. Nd2 Bb7 17. Qe3 Qe7 18. Bd3 Ng8 19. Kd1 0-0-0 20. Na4 Qa3 21. Nb2 Ne7 22. Rg3 Kb8 23. Be2 Qxe3 24. Rxe3 Ng6 25. Nd3 Rhe8 26. Nf3 Ba6 27. Nd4 Kc7 28. Nxc6 Bxd3 29. Nxd8 Bxe2+ 30. Kxe2 Rxd8 31. Kf3 d4 32. Ra3 Kb7 33. Re1 Nc5 34. f5 Ne7 35. h4 b5 36. Kg3 Nc6 37. Rf3 d3 38. cxd3 Nxd3 39. Rb1 Ncxe5 40. Re3 Kb6 41. Rd1 f6 42. g5 Rd4 43. gxf6 gxf6 44. Rxe5 fxe5 45. f6 e4 46. f7 Rd8 47. Rf1 Rf8 48. Rf5 b4 49. Kg4 Rxf7 0-1

[Event "Pozarevac Rudar FM 01"]
[Site "Pozarevac"]
[Date "2024.01.28"]
[Round "7.4"]
[White "Tosic, Nebojsa"]
[Black "Harshit, Amarnani"]
[Result "1-0"]
[WhiteElo "1944"]
[BlackElo "1811"]
[PlyCount "65"]
[EventDate "2024.01.24"]
[EventType "schev"]
[EventRounds "10"]
[EventCountry "SRB"]
[SourceTitle "CB06_2024"]
[SourceDate "2024.02.07"]
[SourceVersion "1"]
[SourceVersionDate "2024.02.07"]
[SourceQuality "1"]
[WhiteTeam "Team A"]
[BlackTeam "Team B"]
[WhiteTeamCountry "SRB"]
[BlackTeamCountry "SRB"]

1. e4 c5 2. c4 Nc6 3. Nc3 g6 4. g3 Bg7 5. Bg2 d6 6. Nge2 e5 7. a3 Nge7 8. d3 0-0 9. 0-0 h6 10. Be3 Nd4 11. b4 b6 12. Rb1 Kh7 13. h3 Bd7 14. Kh2 Rb8 15. f4 f5 16. b5 Nxe2 17. Nxe2 Be6 18. Qb3 Qc8 19. Bc1 a5 20. Bb2 Qd7 21. Rbe1 Rbd8 22. Rc1 Ng8 23. Qa2 fxe4 24. dxe4 Qxb5 25. f5 gxf5 26. exf5 Bf7 27. f6 Bxf6 28. Qb1+ Bg6 29. cxb5 Bxb1 30. Rxb1 d5 31. Nc3 e4 32. Nxd5 Rde8 33. Nxf6+ 1-0

[Event "Pozarevac Rudar FM 01"]
[Site "Pozarevac"]
[Date "2024.01.27"]
[Round "6.4"]
[White "Chaitanya, V."]
[Black "Tosic, Nebojsa"]
[Result "1-0"]
[WhiteElo "1717"]
[BlackElo "1944"]
[PlyCount "63"]
[EventDate "2024.01.24"]
[EventType "schev"]
[EventRounds "10"]
[EventCountry "SRB"]
[SourceTitle "CB06_2024"]
[SourceDate "2024.02.07"]
[SourceVersion "1"]
[SourceVersionDate "2024.02.07"]
[SourceQuality "1"]
[WhiteTeam "Team B"]
[BlackTeam "Team A"]
[WhiteTeamCountry "SRB"]
[BlackTeamCountry "SRB"]

1. e4 d6 2. d4 Nf6 3. Nc3 c6 4. f4 Qa5 5. e5 Ne4 6. Bd2 Nxd2 7. Qxd2 Bf5 8. exd6 e6 9. Be2 Bxd6 10. Nf3 Nd7 11. 0-0 Qc7 12. Ne5 h5 13. Bd3 Nf6 14. Bxf5 exf5 15. Rae1 0-0 16. Qd3 g6 17. Re3 Rad8 18. Rg3 Kh7 19. Rg5 Bc5 20. Ne2 Ne4 21. Rxh5+ Kg7 22. Rh4 Qb6 23. c3 Be7 24. Rh3 c5 25. Qc2 Qa6 26. Re1 Qxa2 27. Ng3 Nxg3 28. hxg3 cxd4 29. Nxg6 d3 30. Nxe7 Rfe8 31. Qd1 d2 32. Nxf5+ 1-0

[Event "Pozarevac Rudar FM 01"]
[Site "Pozarevac"]
[Date "2024.01.26"]
[Round "3.4"]
[White "Tosic, Nebojsa"]
[Black "Usacheva, Glafira"]
[Result "0-1"]
[WhiteElo "1944"]
[BlackElo "1957"]
[PlyCount "90"]
[EventDate "2024.01.24"]
[EventType "schev"]
[EventRounds "10"]
[EventCountry "SRB"]
[SourceTitle "CB06_2024"]
[SourceDate "2024.02.07"]
[SourceVersion "1"]
[SourceVersionDate "2024.02.07"]
[SourceQuality "1"]
[WhiteTeam "Team A"]
[BlackTeam "Team B"]
[WhiteTeamCountry "SRB"]
[BlackTeamCountry "SRB"]

1. e4 e5 2. Nf3 Nc6 3. d3 Nf6 4. c3 Be7 5. b4 a6 6. Qc2 d5 7. a3 0-0 8. Be2 h6 9. 0-0 Be6 10. Re1 Nh7 11. Bf1 Bd6 12. Nbd2 Ng5 13. Nxg5 hxg5 14. Nf3 f6 15. g3 Qd7 16. Bg2 dxe4 17. dxe4 Qf7 18. Nd2 g6 19. Nf1 Kg7 20. f3 Rh8 21. Re2 Rh7 22. Be3 a5 23. b5 Ne7 24. Nd2 c6 25. bxc6 Nxc6 26. a4 Qe7 27. Rf2 Bc5 28. Qd3 Rd8 29. Qe2 Rd7 30. Rb1 Rh8 31. Rb5 Bxe3 32. Qxe3 Rhd8 33. f4 Rd3 34. Qe1 gxf4 35. gxf4 Rxc3 36. Nf3 Rcd3 37. Bf1 Rd1 38. Qe2 Bg4 39. Qb2 Bxf3 40. Rxb7 R8d7 41. Rxd7 Qxd7 42. Rxf3 Nd4 43. Rf2 Qg4+ 44. Rg2 Qxf4 45. Rf2 Qxe4 0-1

[Event "Pozarevac Rudar FM 01"]
[Site "Pozarevac"]
[Date "2024.01.25"]
[Round "2.4"]
[White "Harshit, Amarnani"]
[Black "Tosic, Nebojsa"]
[Result "1-0"]
[WhiteElo "1811"]
[BlackElo "1944"]
[PlyCount "61"]
[EventDate "2024.01.24"]
[EventType "schev"]
[EventRounds "10"]
[EventCountry "SRB"]
[SourceTitle "CB06_2024"]
[SourceDate "2024.02.07"]
[SourceVersion "1"]
[SourceVersionDate "2024.02.07"]
[SourceQuality "1"]
[WhiteTeam "Team B"]
[BlackTeam "Team A"]
[WhiteTeamCountry "SRB"]
[BlackTeamCountry "SRB"]

1. e4 d6 2. d4 Nf6 3. Nc3 Nbd7 4. f4 e5 5. Nf3 exd4 6. Qxd4 c6 7. Bd2 d5 8. 0-0-0 Bc5 9. Qd3 0-0 10. exd5 Bb4 11. dxc6 bxc6 12. a3 Be7 13. Be3 Qa5 14. Nd4 Nc5 15. Qc4 Qc7 16. Nf5 Bxf5 17. Bxc5 Bxc5 18. Qxc5 Qxf4+ 19. Kb1 Bg6 20. Bd3 Rab8 21. Bxg6 hxg6 22. g3 Qc7 23. Rd6 Rb6 24. Rhd1 Rfb8 25. b3 Kh7 26. Nd5 Nxd5 27. R1xd5 Qb7 28. Rd3 Rc8 29. Qc4 Qe7 30. Rd1 Qe6 31. Qh4+ 1-0

[Event "Pozarevac Rudar FM3 11"]
[Site "Pozarevac"]
[Date "2023.11.20"]
[Round "8.3"]
[White "Tosic, Nebojsa"]
[Black "Nimay, Agrawal"]
[Result "1-0"]
[WhiteElo "1981"]
[BlackElo "1678"]
[PlyCount "95"]
[EventDate "2023.11.15"]
[EventType "schev"]
[EventRounds "10"]
[EventCountry "SRB"]
[SourceTitle "CB49_2023"]
[SourceDate "2023.12.06"]
[SourceVersion "1"]
[SourceVersionDate "2023.12.06"]
[SourceQuality "1"]
[WhiteTeam "Team B"]
[BlackTeam "Team A"]
[WhiteTeamCountry "SRB"]
[BlackTeamCountry "SRB"]

1. e4 c5 2. c4 Nc6 3. g3 g6 4. Bg2 Bg7 5. Ne2 e5 6. 0-0 Nge7 7. Nbc3 0-0 8. d3 d6 9. a3 a6 10. Nd5 Rb8 11. b4 cxb4 12. axb4 b5 13. cxb5 axb5 14. Qb3 Be6 15. Be3 Qd7 16. Ra6 Kh8 17. Rfa1 Rfc8 18. Qb2 Bxd5 19. exd5 Nd8 20. Qd2 h5 21. R1a2 Kh7 22. Nc3 f5 23. R2a5 Rb7 24. Bh3 Nf7 25. Bf1 f4 26. Ba7 Ra8 27. Bb6 Rxa6 28. Rxa6 Nc8 29. Ba5 Bh6 30. Qe2 Ng5 31. h4 Nf7 32. Ne4 Qf5 33. Kh2 f3 34. Qd1 g5 35. hxg5 Nxg5 36. Nxg5+ Qxg5 37. Ra8 Ne7 38. Qxf3 Ng6 39. Bh3 h4 40. Bf5 Rf7 41. g4 Kg7 42. Bb6 Qd2 43. Be3 Qxb4 44. g5 Bxg5 45. Bxg5 Qc3 46. Qh5 Rxf5 47. Qh6+ Kf7 48. Qh7# 1-0

[Event "Pozarevac Rudar FM3 11"]
[Site "Pozarevac"]
[Date "2023.11.16"]
[Round "2.4"]
[White "Tosic, Nebojsa"]
[Black "Devansh, Rai"]
[Result "0-1"]
[WhiteElo "1981"]
[BlackElo "1174"]
[PlyCount "102"]
[EventDate "2023.11.15"]
[EventType "schev"]
[EventRounds "10"]
[EventCountry "SRB"]
[SourceTitle "CB49_2023"]
[SourceDate "2023.12.06"]
[SourceVersion "1"]
[SourceVersionDate "2023.12.06"]
[SourceQuality "1"]
[WhiteTeam "Team B"]
[BlackTeam "Team A"]
[WhiteTeamCountry "SRB"]
[BlackTeamCountry "SRB"]

1. d4 d5 2. Nc3 Nf6 3. Bf4 c6 4. Qd2 e6 5. Nf3 Bb4 6. Bg5 Nbd7 7. Ne5 Qa5 8. f3 Nxe5 9. dxe5 Nd7 10. a3 Bxc3 11. bxc3 Nxe5 12. e4 b6 13. Bf4 Ng6 14. Bd6 Ba6 15. Bb4 Qa4 16. c4 c5 17. Bc3 d4 18. Bb2 Bxc4 19. Kf2 Bxf1 20. Rhxf1 Rd8 21. Rae1 Ne5 22. Bc1 f6 23. Kg1 d3 24. cxd3 Nxd3 25. Rd1 Qd4+ 26. Kh1 Nxc1 27. Qxc1 Qe5 28. Rxd8+ Kxd8 29. Rd1+ Ke7 30. f4 Qxe4 31. Qd2 Qc6 32. Qd3 Qc7 33. Qg3 Kf7 34. Qd3 h6 35. f5 Ke7 36. Qe4 e5 37. Qg4 Rg8 38. a4 Qc6 39. h3 Qc7 40. Qg6 Qc6 41. Qh7 Qxa4 42. Rd5 Qe8 43. Rd3 c4 44. Rd1 Qf7 45. Ra1 a5 46. Ra3 Kd6 47. Rg3 Kc5 48. Rg6 c3 49. Rxf6 Qxf6 50. Qxg8 c2 51. Qc8+ Qc6 0-1

[Event "Pozarevac Rudar FM2 11"]
[Site "Pozarevac"]
[Date "2023.11.14"]
[Round "10.2"]
[White "Usacheva, Glafira"]
[Black "Tosic, Nebojsa"]
[Result "0-1"]
[WhiteElo "1916"]
[BlackElo "1981"]
[PlyCount "78"]
[EventDate "2023.11.07"]
[EventType "schev"]
[EventRounds "10"]
[EventCountry "SRB"]
[SourceTitle "CB46_2023"]
[SourceDate "2023.11.15"]
[SourceVersion "1"]
[SourceVersionDate "2023.11.15"]
[SourceQuality "1"]
[WhiteTeam "Team B"]
[BlackTeam "Team A"]
[WhiteTeamCountry "SRB"]
[BlackTeamCountry "SRB"]

1. e4 d6 2. d4 Nf6 3. Nc3 c6 4. Nf3 Qa5 5. Nd2 b5 6. a3 a6 7. Nb3 Qc7 8. Be2 g6 9. Be3 Bg7 10. Qd2 Nbd7 11. 0-0 Nb6 12. Na5 0-0 13. Bf3 Rd8 14. Rad1 Bg4 15. Bxg4 Nxg4 16. Bg5 c5 17. dxc5 dxc5 18. Qf4 Ne5 19. Qg3 Rxd1 20. Nxd1 h6 21. Bf4 Nbd7 22. Nb3 Qc6 23. Nc3 e6 24. Na5 Qb6 25. b4 cxb4 26. axb4 Qd4 27. Rd1 Qxb4 28. Nb3 Rc8 29. Bd2 Nc4 30. Be1 Qe7 31. f4 Nb2 32. Rb1 Na4 33. Nxa4 bxa4 34. Na5 Qc5+ 35. Kh1 Qxc2 36. Rb4 Bc3 37. Rb7 Qd1 38. Rxd7 Qxd7 39. Bxc3 Rxc3 0-1

[Event "Pozarevac Rudar FM 11"]
[Site "Pozarevac"]
[Date "2023.11.05"]
[Round "8.2"]
[White "Tosic, Nebojsa"]
[Black "Usacheva, Glafira"]
[Result "0-1"]
[WhiteElo "1980"]
[BlackElo "1916"]
[PlyCount "114"]
[EventDate "2023.10.30"]
[EventType "schev"]
[EventRounds "8"]
[EventCountry "SRB"]
[SourceTitle "CB46_2023"]
[SourceDate "2023.11.15"]
[SourceVersion "1"]
[SourceVersionDate "2023.11.15"]
[SourceQuality "1"]
[WhiteTeam "Team A"]
[BlackTeam "Team B"]
[WhiteTeamCountry "SRB"]
[BlackTeamCountry "SRB"]

1. Nf3 Nf6 2. g3 d5 3. Bg2 c5 4. d3 e6 5. 0-0 Nc6 6. Nbd2 g6 7. c3 Bg7 8. e4 0-0 9. Re1 b6 10. h3 Bb7 11. Qc2 e5 12. a4 d4 13. Nc4 Qc7 14. Bg5 h6 15. Bd2 Rad8 16. cxd4 Nxd4 17. Nxd4 cxd4 18. Rec1 Ba6 19. b4 Rfe8 20. Qb3 Qb8 21. h4 Bc8 22. Bf1 Be6 23. Rc2 Rc8 24. Rac1 Nd7 25. Qb2 f5 26. f3 Nf6 27. Na3 fxe4 28. dxe4 Rxc2 29. Rxc2 Nh5 30. Kg2 Rf8 31. Rc6 Bf7 32. Nb5 Be8 33. Rc2 Bd7 34. Nc7 Kh7 35. Na6 Qe8 36. b5 Qe6 37. Be1 Qf7 38. Qa3 Qe6 39. Nc7 Qf6 40. Nd5 Qd8 41. Kg1 Nf6 42. Nc7 Qc8 43. Bd3 Qb7 44. Qd6 Bh3 45. Kh2 Bd7 46. Bb4 Rc8 47. g4 Bxg4 48. fxg4 Nxg4+ 49. Kg3 Ne3 50. Rc6 Qb8 51. Qxg6+ Kh8 52. Qf7 Rg8 53. Rg6 Qc8 54. Kf2 Qh3 55. Kg1 Ng4 56. Bb1 Qh2+ 57. Kf1 Ne3+ 0-1

[Event "Pozarevac Rudar FM 11"]
[Site "Pozarevac"]
[Date "2023.11.04"]
[Round "6.2"]
[White "Tosic, Nebojsa"]
[Black "Ilic, Mia"]
[Result "1-0"]
[WhiteElo "1980"]
[BlackElo "1541"]
[PlyCount "55"]
[EventDate "2023.10.30"]
[EventType "schev"]
[EventRounds "8"]
[EventCountry "SRB"]
[SourceTitle "CB46_2023"]
[SourceDate "2023.11.15"]
[SourceVersion "1"]
[SourceVersionDate "2023.11.15"]
[SourceQuality "1"]
[WhiteTeam "Team A"]
[BlackTeam "Team B"]
[WhiteTeamCountry "SRB"]
[BlackTeamCountry "SRB"]

1. Nf3 f5 2. h3 Nf6 3. g4 d6 4. g5 Nd5 5. c4 Nb6 6. d4 Nc6 7. b3 e5 8. Rg1 Bd7 9. Nc3 e4 10. Nh4 Qe7 11. Ng2 Nd8 12. Nf4 Ne6 13. Nfd5 Qf7 14. a4 c6 15. a5 Nxd5 16. cxd5 Nc7 17. dxc6 Bxc6 18. e3 b5 19. d5 Bd7 20. b4 a6 21. Bb2 Bc8 22. Qd4 Bb7 23. 0-0-0 Rc8 24. Kb1 Be7 25. Be2 Rf8 26. h4 f4 27. Qxe4 f3 28. Bf1 1-0

[Event "Pozarevac Rudar FM 11"]
[Site "Pozarevac"]
[Date "2023.11.03"]
[Round "5.2"]
[White "Colic, Milos"]
[Black "Tosic, Nebojsa"]
[Result "1-0"]
[WhiteElo "1887"]
[BlackElo "1980"]
[PlyCount "117"]
[EventDate "2023.10.30"]
[EventType "schev"]
[EventRounds "8"]
[EventCountry "SRB"]
[SourceTitle "CB46_2023"]
[SourceDate "2023.11.15"]
[SourceVersion "1"]
[SourceVersionDate "2023.11.15"]
[SourceQuality "1"]
[WhiteTeam "Team B"]
[BlackTeam "Team A"]
[WhiteTeamCountry "SRB"]
[BlackTeamCountry "SRB"]

1. e4 e5 2. Nf3 d6 3. d4 exd4 4. Qxd4 Nf6 5. Bg5 Be7 6. Nc3 0-0 7. h3 Be6 8. Bd3 Nc6 9. Qe3 Ne5 10. Rd1 Nfd7 11. Bxe7 Qxe7 12. Nd4 Rfe8 13. Nxe6 Qxe6 14. 0-0 Nb6 15. f4 Nec4 16. Qc1 Qf6 17. Rde1 Qd4+ 18. Kh1 a6 19. Nd1 d5 20. e5 f6 21. b3 Na5 22. Qd2 Nc6 23. c3 Qc5 24. exf6 gxf6 25. Nf2 Qf8 26. Ng4 Kh8 27. Qf2 Qg7 28. Qh4 Rf8 29. Re6 Nd7 30. Rfe1 Rg8 31. R1e2 Raf8 32. Nh6 Qg3 33. Qxg3 Rxg3 34. Bf5 d4 35. Kh2 Rg6 36. Bxg6 hxg6 37. Rxc6 bxc6 38. cxd4 Nb6 39. Re6 Kg7 40. Ng4 Rf7 41. Rxc6 a5 42. a4 Rd7 43. Rxf6 Rxd4 44. Rc6 Nd5 45. g3 Rd2+ 46. Kg1 Rb2 47. Rc5 c6 48. Rxc6 Rxb3 49. Kg2 Nc3 50. Ne5 Nxa4 51. Rxg6+ Kf8 52. h4 Nc5 53. h5 a4 54. h6 Rb2+ 55. Kh3 Rb1 56. Ng4 Rb7 57. Rc6 Nd7 58. Rc8+ Kf7 59. h7 1-0

[Event "Pozarevac Rudar FM 11"]
[Site "Pozarevac"]
[Date "2023.11.02"]
[Round "4.2"]
[White "Usacheva, Glafira"]
[Black "Tosic, Nebojsa"]
[Result "0-1"]
[WhiteElo "1916"]
[BlackElo "1980"]
[PlyCount "102"]
[EventDate "2023.10.30"]
[EventType "schev"]
[EventRounds "8"]
[EventCountry "SRB"]
[SourceTitle "CB46_2023"]
[SourceDate "2023.11.15"]
[SourceVersion "1"]
[SourceVersionDate "2023.11.15"]
[SourceQuality "1"]
[WhiteTeam "Team B"]
[BlackTeam "Team A"]
[WhiteTeamCountry "SRB"]
[BlackTeamCountry "SRB"]

1. e4 d6 2. d4 Nf6 3. Nc3 e5 4. Nf3 Nbd7 5. Rg1 exd4 6. Nxd4 c6 7. Bf4 Qb6 8. Nb3 Ne5 9. Qd2 Be6 10. h3 Be7 11. 0-0-0 a5 12. Be3 Qc7 13. f4 Nc4 14. Bxc4 Bxc4 15. Nd4 g6 16. Rge1 0-0 17. g4 Rfe8 18. g5 Nh5 19. Kb1 Bf8 20. Nf3 b5 21. e5 d5 22. f5 b4 23. Na4 c5 24. b3 Bb5 25. e6 d4 26. Bg1 Bd6 27. Bh2 fxe6 28. fxg6 hxg6 29. Ne5 Kh7 30. Qg2 Ng7 31. Qe4 Nf5 32. h4 Ra7 33. h5 gxh5 34. Qf3 h4 35. Rd2 Qg7 36. Qh5+ Kg8 37. Ng4 Bxh2 38. Nf6+ Kf8 39. Rxh2 Bxa4 40. bxa4 Ree7 41. Re5 Rac7 42. Rf2 Rc8 43. Rh2 c4 44. Rh3 d3 45. cxd3 c3 46. Rf3 Rf7 47. Rxe6 c2+ 48. Kc1 b3 49. axb3 Nd4 50. Re1 Nxf3 51. Qxf3 Qxg5+ 0-1

[Event "Pozarevac Rudar 10th"]
[Site "Pozarevac"]
[Date "2023.02.08"]
[Round "8"]
[White "Ibadov, Dashgyn"]
[Black "Tosic, Nebojsa"]
[Result "1-0"]
[WhiteElo "2333"]
[BlackElo "2078"]
[PlyCount "90"]
[EventDate "2023.02.02"]
[EventType "tourn"]
[EventRounds "9"]
[EventCountry "SRB"]
[SourceTitle "CBM 212 Extra"]
[Source "ChessBase"]
[SourceDate "2023.03.31"]
[SourceVersion "1"]
[SourceVersionDate "2023.03.31"]
[SourceQuality "1"]

1. e4 d6 2. d4 Nf6 3. Nc3 e5 4. Nf3 Nbd7 5. Bc4 Be7 6. a4 0-0 7. 0-0 a5 8. h3 h6 9. Re1 Re8 10. Be3 c6 11. Ba2 Qc7 12. d5 Nf8 13. Nd2 Rb8 14. Bc4 Ng6 15. Bf1 cxd5 16. exd5 Nd7 17. Nc4 Ra8 18. Nb5 Qb8 19. Bd2 b6 20. b4 Bb7 21. bxa5 Bxd5 22. Bb4 Be6 23. axb6 Nxb6 24. Bxd6 Bxd6 25. Nxb6 Qxb6 26. Qxd6 Qxd6 27. Nxd6 Red8 28. Nc4 f6 29. a5 Ra7 30. a6 Rc8 31. Nd6 Rc6 32. Nb5 Ra8 33. a7 Ne7 34. f4 Bc4 35. Bxc4+ Rxc4 36. fxe5 fxe5 37. Rxe5 Nc6 38. Re3 Rxc2 39. Rea3 Ne7 40. Rc3 Rxc3 41. Nxc3 Nc8 42. Nb5 Kf7 43. Rc1 Ke7 44. Rc7+ Ke6 45. Rxg7 Kd5 1-0

[Event "Pozarevac Rudar 10th"]
[Site "Pozarevac"]
[Date "2023.02.04"]
[Round "3"]
[White "Tosic, Nebojsa"]
[Black "Tregubenko, Nikolay"]
[Result "1-0"]
[WhiteElo "2078"]
[BlackElo "1916"]
[PlyCount "143"]
[EventDate "2023.02.02"]
[EventType "tourn"]
[EventRounds "9"]
[EventCountry "SRB"]
[SourceTitle "CBM 212 Extra"]
[Source "ChessBase"]
[SourceDate "2023.03.31"]
[SourceVersion "1"]
[SourceVersionDate "2023.03.31"]
[SourceQuality "1"]

1. e4 c5 2. c3 d5 3. exd5 Qxd5 4. d4 cxd4 5. cxd4 e5 6. Nc3 Qxd4 7. Qc2 Nc6 8. Nf3 Qg4 9. a3 Bf5 10. Qb3 0-0-0 11. h3 Be6 12. Qb5 Qg6 13. Be3 Nd4 14. Nxd4 exd4 15. 0-0-0 dxc3 16. Rxd8+ Kxd8 17. Bd3 cxb2+ 18. Kb1 Qxg2 19. Rd1 Bd6 20. Bc2 Qc6 21. Qxc6 bxc6 22. Rxd6+ Ke7 23. Rxc6 Nf6 24. Bc5+ Kd7 25. Ra6 Rb8 26. Ba4+ Kd8 27. Bb4 Nd5 28. Ba5+ Ke7 29. Rxa7+ Kf6 30. Bc2 Bxh3 31. Bd2 h5 32. Be4 Ke5 33. f3 Be6 34. Ra4 Bf5 35. Be1 Bxe4+ 36. fxe4 Nf4 37. Bc3+ Ke6 38. Ra6+ Kd7 39. Be5 Re8 40. Ra7+ Ke6 41. Bxf4 h4 42. Rb7 h3 43. Rxb2 f6 44. Kc2 g5 45. Bg3 Rd8 46. Rb4 Rh8 47. Bh2 g4 48. Rb1 Ra8 49. Rb6+ Kf7 50. Kb3 Rg8 51. Bg3 Rh8 52. Rb7+ Ke6 53. Rb8 Rh5 54. Rg8 h2 55. Bxh2 Rxh2 56. Rxg4 f5 57. exf5+ Kxf5 58. Rd4 Ke5 59. Rd1 Rh8 60. a4 Rb8+ 61. Ka3 Ra8 62. Rd2 Ke6 63. Kb4 Rb8+ 64. Kc5 Ra8 65. Kb5 Rb8+ 66. Kc6 Ra8 67. Re2+ Kf6 68. Ra2 Rc8+ 69. Kd7 Ra8 70. a5 Ke5 71. a6 Ra7+ 72. Kc6 1-0

[Event "Paracin Summer op"]
[Site "Paracin"]
[Date "2020.07.07"]
[Round "6"]
[White "Martic, Ivan"]
[Black "Tosic, Nebojsa"]
[Result "1-0"]
[WhiteElo "2386"]
[BlackElo "2096"]
[PlyCount "111"]
[EventDate "2020.07.03"]
[EventType "swiss"]
[EventRounds "9"]
[EventCountry "SRB"]
[SourceTitle "CBM 197 Extra"]
[Source "ChessBase"]
[SourceDate "2020.09.30"]
[SourceVersion "1"]
[SourceVersionDate "2020.09.30"]
[SourceQuality "1"]

1. Nf3 Nf6 2. c4 e6 3. Nc3 d5 4. d4 c5 5. cxd5 exd5 6. Bg5 cxd4 7. Bxf6 Qxf6 8. Qxd4 Be6 9. Qxf6 gxf6 10. e3 Nc6 11. Bb5 0-0-0 12. 0-0 Kb8 13. Rfd1 Bc5 14. Bxc6 bxc6 15. b4 Bb6 16. Nd4 Kb7 17. Na4 Bd7 18. Rac1 Rc8 19. Nc5+ Kc7 20. Ndb3 Rhg8 21. Rd2 Kd6 22. Rdc2 Be8 23. a3 Bxc5 24. Rxc5 Rb8 25. Ra5 Rb7 26. f3 Bd7 27. Kf2 h5 28. h4 f5 29. Ra6 Ra8 30. Rc5 Rb6 31. Rca5 Rxa6 32. Rxa6 Bc8 33. Ra5 a6 34. Kg3 Ke5 35. Rc5 Bd7 36. Na5 Rc8 37. Nc4+ Ke6 38. Nb2 Rg8+ 39. Kf2 Rg6 40. Nd3 Kd6 41. Ra5 Bc8 42. Nc5 Rg8 43. Nxa6 Re8 44. Nc5 d4 45. exd4 Kd5 46. Ne4+ Kxd4 47. Nd6 Rd8 48. Nxc8 Rxc8 49. Rxf5 Rf8 50. Rxh5 f5 51. Kg3 Ke3 52. Rg5 f4+ 53. Kg4 Kf2 54. Rf5 Rh8 55. h5 Ke3 56. Re5+ 1-0

[Event "Paracin Summer op-B 12th"]
[Site "Paracin"]
[Date "2019.07.12"]
[Round "9"]
[White "Tosic, Nebojsa"]
[Black "Eke, Salih"]
[Result "0-1"]
[WhiteElo "2045"]
[BlackElo "1892"]
[PlyCount "126"]
[EventDate "2019.07.05"]
[EventType "swiss"]
[EventRounds "9"]
[EventCountry "SRB"]
[SourceTitle "EXT 2020"]
[Source "ChessBase"]
[SourceDate "2019.10.17"]
[SourceVersion "1"]
[SourceVersionDate "2019.10.17"]
[SourceQuality "1"]

1. e4 c5 2. Nf3 Nc6 3. d4 cxd4 4. Nxd4 Nf6 5. Nc3 e5 6. Ndb5 d6 7. Nd5 Nxd5 8. exd5 Nb8 9. c4 Be7 10. Qa4 0-0 11. Qa3 b6 12. Bd2 Nd7 13. Bd3 f5 14. f4 e4 15. Bc2 Nf6 16. Bb4 Ne8 17. Rd1 a5 18. Bc3 Nc7 19. Nd4 Bd7 20. Ba4 Bf6 21. Bc6 Bxc6 22. dxc6 d5 23. 0-0 Be7 24. Qa4 Bc5 25. Kh1 Qe7 26. cxd5 Nxd5 27. Rde1 Kh8 28. Qc4 Nxc3 29. bxc3 Rac8 30. Qd5 Qf7 31. Qxf7 Rxf7 32. Rd1 Bxd4 33. Rxd4 g6 34. g4 fxg4 35. Rxe4 Rxc6 36. Rb1 Rxc3 37. Rxb6 Rc1+ 38. Kg2 Rc2+ 39. Kg3 Rxa2 40. Ra6 Kg7 41. Kxg4 Ra3 42. Rd4 h5+ 43. Kh4 Kh6 44. Rc4 Rf5 45. h3 Rf3 46. Ra4 R3xf4+ 47. Rxf4 Rxf4+ 48. Kg3 Rf5 49. Ra7 Rb5 50. Ra6 Kg5 51. h4+ Kf5 52. Rc6 Rb3+ 53. Kg2 Rb5 54. Kg3 a4 55. Ra6 Rb3+ 56. Kg2 Rb4 57. Kg3 Rg4+ 58. Kh3 Ke5 59. Ra5+ Kd6 60. Ra8 Kc5 61. Rc8+ Kb4 62. Rb8+ Kc3 63. Ra8 Kb3 0-1